Derecho civil español común y foral / (Record no. 41836)
[ view plain ]
| 000 -LEADER | |
|---|---|
| campo de control de longitud fija | 00821nam a2200181 i 4500 |
| 001 - NÚMERO DE CONTROL | |
| campo de control | 41836 |
| 003 - IDENTIFICADOR DE NÚMERO DE CONTROL | |
| campo de control | ES-MaACL |
| 007 - CAMPO FIJO DE DESCRIPCIÓN FÍSICA--INFORMACIÓN GENERAL | |
| campo de control de longitud fija | t| |
| 008 - DATOS DE LONGITUD FIJA--INFORMACIÓN GENERAL | |
| campo de control de longitud fija | 030311s1955 sp ||||1| spa d |
| 100 1# - ENTRADA PRINCIPAL--NOMBRE DE PERSONA | |
| Nombre de persona | Castán Tobeñas, José, |
| Fechas asociadas al nombre | 1889-1969 |
| 9 (RLIN) | 36392 |
| 245 10 - MENCIÓN DEL TÍTULO | |
| Título | Derecho civil español común y foral / |
| Mención de responsabilidad, etc. | José Castán Tobeñas. |
| 250 ## - MENCION DE EDICION | |
| Mención de edición | 9ª ed. rev. y puesta al día. |
| 260 ## - PUBLICACIÓN, DISTRIBUCIÓN, ETC. | |
| Lugar de publicación, distribución, etc. | Madrid : |
| Nombre del editor, distribuidor, etc. | Reus, |
| Fecha de publicación, distribución, etc. | 1955. |
| 300 ## - DESCRIPCIÓN FÍSICA | |
| Extensión | 5 v. ; |
| Dimensiones | 23 cm. |
| 505 8# - NOTA DE CONTENIDO CON FORMATO | |
| Nota de contenido con formato | Contiene: V. I: Parte 1ª: Introducción y parte general. Ideas generales teoría de la norma jurídica. V. II: Parte 2ª: Derechos reales. -- V. III: Derechos de obligaciones. V. IV: Derecho de familia. Derecho de sucesiones. -- Apéndice I: V. I: Parte general. V. II: con la colaboración de Manuel Batlle Vázquez |
| 852 ## - LOCALIZACIÓN | |
| Ubicación | ES-MaACL |
| Número de control de estantería | E-4104-08 |
| Estatus retirado | Estado de pérdida | Estado de daño | No para préstamo | Biblioteca de origen | Biblioteca actual | Ubicación en estantería | Fecha de adquisición | Fuente de adquisición | Total de préstamos | Signatura topográfica completa | Código de barras | Visto por última vez | Precio de reemplazo | Tipo de ítem Koha |
|---|---|---|---|---|---|---|---|---|---|---|---|---|---|---|
| Biblioteca del Ateneo de Madrid | Biblioteca del Ateneo de Madrid | Depósito 2 | 17/01/2008 | E-4104-08 | 1044041 | 23/02/2023 | 23/02/2023 | Libro impreso |
